| 000 | 00660nam a2200193 a 4500 | ||
|---|---|---|---|
| 008 | 091217s1986 ||||||||||||||||| || u | ||
| 050 | _aASC(08)RR/27 | ||
| 110 | _aAfrica Studies Centre (ASC) | ||
| 245 | 1 | 0 | _aMuslims in Mango (Northern Togo): some aspects: writing and prayer |
| 260 |
_aLeiden: _bASC _c1986 |
||
| 300 | _a66p. | ||
| 350 | _a0.00 | ||
| 490 | _aASC Reseach reports | ||
| 500 | _aBibliography | ||
| 650 | _aISLAM--TOGO--MANGO | ||
| 650 | _aMUSLIMS--TOGO | ||
| 650 | _aISLAM | ||
| 995 |
_D0.00 _FCBU-MAIN LIBRARY (Kitwe) _H1 _I0.00 _M1 _UAVAILABLE _WDec 17, 2009 _ZInternational Publications |
||
| 999 |
_c51839 _d51839 |
||